Survey of national nutrition policies (Record no. 940017)

MARC details
000 -LEADER
fixed length control field 00652nam a2200241Ia 4500
003 - CONTROL NUMBER IDENTIFIER
control field OSt
005 - DATE AND TIME OF LATEST TRANSACTION
control field 20221005032559.0
008 - FIXED-LENGTH DATA ELEMENTS--GENERAL INFORMATION
fixed length control field 221004b |||||||| |||| 00| 0 eng d
037 ## - SOURCE OF ACQUISITION
Terms of availability Textual
040 ## - CATALOGING SOURCE
Original cataloging agency CRL
Transcribing agency CRL
Language of cataloging eng
041 ## - LANGUAGE CODE
Source of code eng
Language code of text/sound track or separate title eng
111 ## - MAIN ENTRY--MEETING NAME
Meeting name or jurisdiction name as entry element National Nutrition Committee (Geneva)
9 (RLIN) 585323
245 #0 - TITLE STATEMENT
Title Survey of national nutrition policies
Remainder of title report
260 ## - PUBLICATION, DISTRIBUTION, ETC.
Place of publication, distribution, etc. Corrigendum
Name of publisher, distributor, etc. Economic and financial
Date of publication, distribution, etc. 1938
300 ## - PHYSICAL DESCRIPTION
Extent 119
Dimensions cm.
650 ## - SUBJECT ADDED ENTRY--TOPICAL TERM
Topical term or geographic name entry element MEDICINE
942 ## - ADDED ENTRY ELEMENTS (KOHA)
Classification part L:573, G8
Koha item type Textual
Source of classification or shelving scheme
Holdings
Withdrawn status Lost status Damaged status Not for loan Home library Current library Date acquired Total Checkouts Full call number Barcode Date last seen Price effective from Koha item type
        Central Library Central Library 2022-10-05   L:573 G8 CL0050793 2022-10-05 2022-10-05 Textual
Copyright @ Delhi University Library System